|
|
|
|
| LEADER |
00884naa a2200205 i 4500 |
| 001 |
acta82926 |
| 005 |
20240110112439.0 |
| 008 |
240110s2018 hu o 1|| hun d |
| 040 |
|
|
|a SZTE Egyetemi Kiadványok Repozitórium
|b hun
|
| 041 |
|
|
|a hun
|
| 100 |
1 |
|
|a Magosi Ádám
|
| 245 |
1 |
2 |
|a A fiatalkorban fellépő hirtelen szívhalál epidemiológiája
|h [elektronikus dokumentum] :
|b [absztrakt] /
|c Magosi Ádám
|
| 260 |
|
|
|c 2018
|
| 300 |
|
|
|a 28-29
|
| 490 |
0 |
|
|a Móra Kárpát-medencei Interdiszciplináris Szakkollégiumi Konferencia
|v 2
|
| 650 |
|
4 |
|a Orvos- és egészségtudomány
|
| 650 |
|
4 |
|a Klinikai orvostan
|
| 695 |
|
|
|a Szívbetegségek - előadáskivonat
|
| 711 |
|
|
|a II. Móra Interdiszciplináris Kárpát-medencei Szakkollégiumi Konferencia
|c Szeged
|d 2018. november 30.-december 2.
|
| 856 |
4 |
0 |
|u http://acta.bibl.u-szeged.hu/82926/1/morakonf_2018_028-029.pdf
|z Dokumentum-elérés
|